| 000 | 01519 a2200169 4500 | ||
|---|---|---|---|
| 003 | NUST | ||
| 005 | 20221224122318.0 | ||
| 040 | _cNust | ||
| 082 | _a355.02,CLA | ||
| 100 |
_aClark, Mark _9105809 |
||
| 245 |
_aCalculated risk : _bHis Personal Story of the War in North Africa and Itly / _cMark Clark |
||
| 260 |
_a New York _bCreated: Harper _c 1951 |
||
| 300 |
_a478 p.: _b22 cm. |
||
| 505 | _aThe Road Back to Rome :May 1949 (Page-13), Getting Ready For War : July 1940-1942 We Decide on Torch : June 1942-Auguest 1942 (Page-34), Deputy to Eisenhower : Aug 1942-Oct-1942(Page-47), Secret Mission to Africa : October 24,1942 (Page-73), The Darlan Deal , Nov-1942 –Jan 1943 (Page-94) ,The Drive for Tunisia : December 1942-Jan 1943 (Page-133), The Fifth Army , the Arabs ,and Some V.I.P.s: Jan1943-Sep1943 (Page-142), Salerno a Near Disaster : Sep1943 (Page-179), From the Volturno to Cassino –in Mud : Oct1943-NOV1943),The Drive Into Germen Winter Line : Dec 1943(Page-130),The Rapido – Garigliano Front :Jan 1944 (Page-251), The Agony of Anzio : Jan 1944-Feb 1944 (Page-270), Cassio : Mar 1944 (Page-295), Rome , the Great Prize: Apr 1944-Jun 1944 (Page-316), Pursuit to the Arno : June 1944-Oct 1944 (Page-347), The Hard Winter in the Apennines : Nov -1944-Mar-1945) (Page-380), The Surrender : May 2, 1945 (Page-400), The Austrian Occupation and the Russians : Aug-424-Nov-1946) (Page-424), The Moscow Conference : March (Page-451). | ||
| 650 |
_aCalculated risk. _9105810 |
||
| 942 |
_2ddc _cBK _k355.02,CLA |
||
| 999 |
_c185252 _d185252 |
||